| 000 | 00399cam a22001574a 4500 | ||
|---|---|---|---|
| 999 |
_c58080 _d58077 |
||
| 020 | _a0486434796 (pbk.) | ||
| 082 | 0 | 0 | _a514 |
| 100 | 1 | _aWillard, Stephen | |
| 245 | 1 | 0 | _aGeneral Topology |
| 260 |
_aMineola, N.Y. : _bDover Publications, _c2016. |
||
| 300 |
_axii, 369 p. : _bill. ; |
||
| 650 | 0 | _aTopology. | |
| 856 | 4 | 2 | _uhttp://10.10.170.122:8080/browse/book/22964 |
| 942 | _cBK | ||
| 040 | _cDLC | ||